00747 2200277 4500001002100000005001500021035002000036007000300056040001700059100003300076245005900109250001200168300003700180041000800217082001000225084001600235090002400251264003700275336002100312337003000333338002300363650001200386850001000398008004100408990002000449INLIS00000000000824420260526014438 a0010-0922000733ta aSBPUPADbind1 aTaliziduhu NdrahaePengarang1 aDimensi-Dimensi Pemerintahan Desa /cTaliziduhu Ndraha a.-cet.1 a198 hlm :bilus. ;c14,5 x 21 cm0 aind a959.8 a959.8 TAL d a959.8 TAL d L 25-15 a.--Jakarta :bBina Aksara,c1981 2rdacontentateks 2rdamediaatanpa perantara 2rdacarrieravolume 4aSejarah aPUPAD260526 0  a0138/ARPUS/2005